Sports Quiz

Random Sports Quiz
Score 0/162 Timer 10:00
0 Plays Today
Hint Answer % Correct
FC Barcelona 3 - 2 FC Spartak (19/09/2012)Lionel Messi
99.6%
SL Benfica 0 - 2 FC Barcelona (02/10/2012)Lionel Messi
99.6%
FC Barcelona 2 - 1 Celtic FC (23/10/2012)Lionel Messi
99.6%
Celtic FC 2 - 1 FC Barcelona (07/11/2012)Lionel Messi
99.6%
FC Spartak 0 - 3 FC Barcelona (20/11/2012)Lionel Messi
99.6%
FC Barcelona 0 - 0 SL Benfica (05/12/2012)Lionel Messi
99.6%
AC Milan 2 - 0 FC Barcelona (20/02/2013)Lionel Messi
99.6%
FC Barcelona 4 - 0 AC Milan (12/03/2013)Lionel Messi
99.6%
PSG 2 - 2 FC Barcelona (02/04/2013)Lionel Messi
99.6%
FC Barcelona 1 - 1 PSG (10/04/2013)Lionel Messi
99.6%
FC Bayern Munich 4 - 0 FC Barcelona (23/04/2013)Lionel Messi
99.6%
FC Barcelona 3 - 2 FC Spartak (19/09/2012)Victor Valdes
98.9%
SL Benfica 0 - 2 FC Barcelona (02/10/2012)Victor Valdes
98.9%
FC Barcelona 2 - 1 Celtic FC (23/10/2012)Victor Valdes
98.9%
Celtic FC 2 - 1 FC Barcelona (07/11/2012)Victor Valdes
98.9%
FC Spartak 0 - 3 FC Barcelona (20/11/2012)Victor Valdes
98.9%
AC Milan 2 - 0 FC Barcelona (20/02/2013)Victor Valdes
98.9%
FC Barcelona 4 - 0 AC Milan (12/03/2013)Victor Valdes
98.9%
PSG 2 - 2 FC Barcelona (02/04/2013)Victor Valdes
98.9%
FC Barcelona 1 - 1 PSG (10/04/2013)Victor Valdes
98.9%
FC Bayern Munich 4 - 0 FC Barcelona (23/04/2013)Victor Valdes
98.9%
FC Barcelona 0 - 3 FC Bayern Munich (01/05/2013)Victor Valdes
98.9%
FC Barcelona 3 - 2 FC Spartak (19/09/2012)Xavi Hernández
98.1%
SL Benfica 0 - 2 FC Barcelona (02/10/2012)Xavi Hernández
98.1%
FC Barcelona 2 - 1 Celtic FC (23/10/2012)Xavi Hernández
98.1%
Celtic FC 2 - 1 FC Barcelona (07/11/2012)Xavi Hernández
98.1%
FC Spartak 0 - 3 FC Barcelona (20/11/2012)Xavi Hernández
98.1%
AC Milan 2 - 0 FC Barcelona (20/02/2013)Xavi Hernández
98.1%
FC Barcelona 4 - 0 AC Milan (12/03/2013)Xavi Hernández
98.1%
PSG 2 - 2 FC Barcelona (02/04/2013)Xavi Hernández
98.1%
FC Barcelona 1 - 1 PSG (10/04/2013)Xavi Hernández
98.1%
FC Bayern Munich 4 - 0 FC Barcelona (23/04/2013)Xavi Hernández
98.1%
FC Barcelona 0 - 3 FC Bayern Munich (01/05/2013)Xavi Hernández
98.1%
FC Barcelona 3 - 2 FC Spartak (19/09/2012)Gerard Pique
97.7%
SL Benfica 0 - 2 FC Barcelona (02/10/2012)Andrés Iniesta
97.7%
FC Barcelona 2 - 1 Celtic FC (23/10/2012)Andrés Iniesta
97.7%
Celtic FC 2 - 1 FC Barcelona (07/11/2012)Andrés Iniesta
97.7%
Celtic FC 2 - 1 FC Barcelona (07/11/2012)Gerard Pique
97.7%
FC Spartak 0 - 3 FC Barcelona (20/11/2012)Gerard Pique
97.7%
FC Spartak 0 - 3 FC Barcelona (20/11/2012)Andrés Iniesta
97.7%
FC Barcelona 0 - 0 SL Benfica (05/12/2012)Gerard Pique
97.7%
AC Milan 2 - 0 FC Barcelona (20/02/2013)Gerard Pique
97.7%
AC Milan 2 - 0 FC Barcelona (20/02/2013)Andrés Iniesta
97.7%
FC Barcelona 4 - 0 AC Milan (12/03/2013)Gerard Pique
97.7%
FC Barcelona 4 - 0 AC Milan (12/03/2013)Andrés Iniesta
97.7%
PSG 2 - 2 FC Barcelona (02/04/2013)Gerard Pique
97.7%
PSG 2 - 2 FC Barcelona (02/04/2013)Andrés Iniesta
97.7%
FC Barcelona 1 - 1 PSG (10/04/2013)Gerard Pique
97.7%
FC Barcelona 1 - 1 PSG (10/04/2013)Andrés Iniesta
97.7%
FC Bayern Munich 4 - 0 FC Barcelona (23/04/2013)Gerard Pique
97.7%
FC Bayern Munich 4 - 0 FC Barcelona (23/04/2013)Andrés Iniesta
97.7%
FC Barcelona 0 - 3 FC Bayern Munich (01/05/2013)Gerard Pique
97.7%
FC Barcelona 0 - 3 FC Bayern Munich (01/05/2013)Andrés Iniesta
97.7%
FC Barcelona 3 - 2 FC Spartak (19/09/2012)Daniel Alves
96.6%
Hint Answer % Correct
SL Benfica 0 - 2 FC Barcelona (02/10/2012)Daniel Alves
96.6%
Celtic FC 2 - 1 FC Barcelona (07/11/2012)Daniel Alves
96.6%
FC Spartak 0 - 3 FC Barcelona (20/11/2012)Daniel Alves
96.6%
AC Milan 2 - 0 FC Barcelona (20/02/2013)Daniel Alves
96.6%
FC Barcelona 4 - 0 AC Milan (12/03/2013)Daniel Alves
96.6%
PSG 2 - 2 FC Barcelona (02/04/2013)Daniel Alves
96.6%
FC Barcelona 1 - 1 PSG (10/04/2013)Daniel Alves
96.6%
FC Bayern Munich 4 - 0 FC Barcelona (23/04/2013)Daniel Alves
96.6%
FC Barcelona 0 - 3 FC Bayern Munich (01/05/2013)Daniel Alves
96.6%
SL Benfica 0 - 2 FC Barcelona (02/10/2012)Carles Puyol
95.8%
FC Barcelona 0 - 0 SL Benfica (05/12/2012)Carles Puyol
95.8%
AC Milan 2 - 0 FC Barcelona (20/02/2013)Carles Puyol
95.8%
FC Barcelona 4 - 0 AC Milan (12/03/2013)Carles Puyol
95.8%
FC Barcelona 1 - 1 PSG (10/04/2013)Pedro Rodríguez
95%
FC Barcelona 3 - 2 FC Spartak (19/09/2012)Sergio Busquets
94.7%
SL Benfica 0 - 2 FC Barcelona (02/10/2012)Sergio Busquets
94.7%
FC Spartak 0 - 3 FC Barcelona (20/11/2012)Sergio Busquets
94.7%
AC Milan 2 - 0 FC Barcelona (20/02/2013)Sergio Busquets
94.7%
FC Barcelona 4 - 0 AC Milan (12/03/2013)Sergio Busquets
94.7%
PSG 2 - 2 FC Barcelona (02/04/2013)Sergio Busquets
94.7%
FC Barcelona 1 - 1 PSG (10/04/2013)Sergio Busquets
94.7%
FC Bayern Munich 4 - 0 FC Barcelona (23/04/2013)Sergio Busquets
94.7%
FC Barcelona 3 - 2 FC Spartak (19/09/2012)Pedro Rodríguez
94.3%
SL Benfica 0 - 2 FC Barcelona (02/10/2012)Pedro Rodríguez
94.3%
FC Barcelona 2 - 1 Celtic FC (23/10/2012)Pedro Rodríguez
94.3%
Celtic FC 2 - 1 FC Barcelona (07/11/2012)Pedro Rodríguez
94.3%
FC Spartak 0 - 3 FC Barcelona (20/11/2012)Pedro Rodríguez
94.3%
AC Milan 2 - 0 FC Barcelona (20/02/2013)Pedro Rodríguez
94.3%
FC Barcelona 4 - 0 AC Milan (12/03/2013)Pedro Rodríguez
94.3%
FC Bayern Munich 4 - 0 FC Barcelona (23/04/2013)Pedro Rodríguez
94.3%
FC Barcelona 0 - 3 FC Bayern Munich (01/05/2013)Pedro Rodríguez
94.3%
SL Benfica 0 - 2 FC Barcelona (02/10/2012)Jordi Alba
92.4%
FC Barcelona 2 - 1 Celtic FC (23/10/2012)Jordi Alba
92.4%
Celtic FC 2 - 1 FC Barcelona (07/11/2012)Jordi Alba
92.4%
FC Spartak 0 - 3 FC Barcelona (20/11/2012)Jordi Alba
92.4%
AC Milan 2 - 0 FC Barcelona (20/02/2013)Jordi Alba
92.4%
FC Barcelona 4 - 0 AC Milan (12/03/2013)Jordi Alba
92.4%
PSG 2 - 2 FC Barcelona (02/04/2013)Jordi Alba
92.4%
FC Barcelona 1 - 1 PSG (10/04/2013)Jordi Alba
92.4%
FC Bayern Munich 4 - 0 FC Barcelona (23/04/2013)Jordi Alba
92.4%
FC Barcelona 3 - 2 FC Spartak (19/09/2012)David Villa
91.2%
FC Barcelona 2 - 1 Celtic FC (23/10/2012)David Villa
91.2%
Celtic FC 2 - 1 FC Barcelona (07/11/2012)David Villa
91.2%
FC Barcelona 0 - 0 SL Benfica (05/12/2012)David Villa
91.2%
FC Barcelona 4 - 0 AC Milan (12/03/2013)David Villa
91.2%
PSG 2 - 2 FC Barcelona (02/04/2013)David Villa
91.2%
FC Barcelona 1 - 1 PSG (10/04/2013)David Villa
91.2%
FC Bayern Munich 4 - 0 FC Barcelona (23/04/2013)David Villa
91.2%
FC Barcelona 0 - 3 FC Bayern Munich (01/05/2013)David Villa
91.2%
FC Barcelona 3 - 2 FC Spartak (19/09/2012)Mascherano
89.7%
SL Benfica 0 - 2 FC Barcelona (02/10/2012)Mascherano
89.7%
FC Barcelona 2 - 1 Celtic FC (23/10/2012)Mascherano
89.7%
Celtic FC 2 - 1 FC Barcelona (07/11/2012)Mascherano
89.7%
FC Spartak 0 - 3 FC Barcelona (20/11/2012)Mascherano
89.7%
Hint Answer % Correct
AC Milan 2 - 0 FC Barcelona (20/02/2013)Mascherano
89.7%
FC Barcelona 4 - 0 AC Milan (12/03/2013)Mascherano
89.7%
PSG 2 - 2 FC Barcelona (02/04/2013)Mascherano
89.7%
PSG 2 - 2 FC Barcelona (02/04/2013)Alexis Sánchez
87.8%
FC Barcelona 3 - 2 FC Spartak (19/09/2012)Alexis Sánchez
85.9%
SL Benfica 0 - 2 FC Barcelona (02/10/2012)Alexis Sánchez
85.9%
FC Barcelona 2 - 1 Celtic FC (23/10/2012)Alexis Sánchez
85.9%
Celtic FC 2 - 1 FC Barcelona (07/11/2012)Alexis Sánchez
85.9%
AC Milan 2 - 0 FC Barcelona (20/02/2013)Alexis Sánchez
85.9%
FC Barcelona 4 - 0 AC Milan (12/03/2013)Alexis Sánchez
85.9%
FC Bayern Munich 4 - 0 FC Barcelona (23/04/2013)Alexis Sánchez
85.9%
FC Barcelona 0 - 3 FC Bayern Munich (01/05/2013)Alexis Sánchez
85.9%
FC Barcelona 3 - 2 FC Spartak (19/09/2012)Cesc Fàbregas
84.7%
SL Benfica 0 - 2 FC Barcelona (02/10/2012)Cesc Fàbregas
84.7%
Celtic FC 2 - 1 FC Barcelona (07/11/2012)Cesc Fàbregas
84.7%
FC Spartak 0 - 3 FC Barcelona (20/11/2012)Cesc Fàbregas
84.7%
FC Barcelona 0 - 0 SL Benfica (05/12/2012)Pinto
84.7%
AC Milan 2 - 0 FC Barcelona (20/02/2013)Cesc Fàbregas
84.7%
PSG 2 - 2 FC Barcelona (02/04/2013)Cesc Fàbregas
84.7%
FC Barcelona 1 - 1 PSG (10/04/2013)Cesc Fàbregas
84.7%
FC Barcelona 0 - 3 FC Bayern Munich (01/05/2013)Cesc Fàbregas
84.7%
FC Barcelona 3 - 2 FC Spartak (19/09/2012)Adriano Corria
75.6%
FC Barcelona 2 - 1 Celtic FC (23/10/2012)Adriano Corria
75.6%
FC Barcelona 0 - 0 SL Benfica (05/12/2012)Adriano Corria
75.6%
FC Barcelona 4 - 0 AC Milan (12/03/2013)Adriano Corria
75.6%
FC Barcelona 1 - 1 PSG (10/04/2013)Adriano Corria
75.6%
FC Barcelona 0 - 3 FC Bayern Munich (01/05/2013)Adriano Corria
75.6%
FC Barcelona 2 - 1 Celtic FC (23/10/2012)Marc Bartra
74.4%
Celtic FC 2 - 1 FC Barcelona (07/11/2012)Marc Bartra
74.4%
PSG 2 - 2 FC Barcelona (02/04/2013)Marc Bartra
74.4%
FC Barcelona 1 - 1 PSG (10/04/2013)Marc Bartra
74.4%
FC Bayern Munich 4 - 0 FC Barcelona (23/04/2013)Marc Bartra
74.4%
FC Barcelona 0 - 3 FC Bayern Munich (01/05/2013)Marc Bartra
74.4%
FC Barcelona 3 - 2 FC Spartak (19/09/2012)Alexander Song
71.8%
SL Benfica 0 - 2 FC Barcelona (02/10/2012)Alexander Song
71.8%
FC Barcelona 2 - 1 Celtic FC (23/10/2012)Alexander Song
71.8%
Celtic FC 2 - 1 FC Barcelona (07/11/2012)Alexander Song
71.8%
FC Spartak 0 - 3 FC Barcelona (20/11/2012)Alexander Song
71.8%
FC Barcelona 0 - 0 SL Benfica (05/12/2012)Alexander Song
71.8%
FC Barcelona 1 - 1 PSG (10/04/2013)Alexander Song
71.8%
FC Barcelona 0 - 3 FC Bayern Munich (01/05/2013)Alexander Song
71.8%
FC Barcelona 3 - 2 FC Spartak (19/09/2012)Cristian Tello
66.4%
FC Barcelona 0 - 0 SL Benfica (05/12/2012)Cristian Tello
66.4%
PSG 2 - 2 FC Barcelona (02/04/2013)Cristian Tello
66.4%
FC Barcelona 0 - 0 SL Benfica (05/12/2012)Thiago
63.4%
FC Barcelona 0 - 3 FC Bayern Munich (01/05/2013)Thiago
63.4%
FC Spartak 0 - 3 FC Barcelona (20/11/2012)Martin Montoya
61.8%
FC Barcelona 0 - 0 SL Benfica (05/12/2012)Martin Montoya
61.8%
FC Barcelona 0 - 3 FC Bayern Munich (01/05/2013)Martin Montoya
61.8%
FC Barcelona 0 - 0 SL Benfica (05/12/2012)Sergi Roberto
59.9%
FC Barcelona 0 - 0 SL Benfica (05/12/2012)Rafinha Alcantara
42.7%
FC Spartak 0 - 3 FC Barcelona (20/11/2012)Gerard Deulofeu
30.5%
FC Barcelona 0 - 0 SL Benfica (05/12/2012)Gerard Deulofeu
30.5%
FC Barcelona 0 - 0 SL Benfica (05/12/2012)Carles Planas
20.2%
Remove Ads.
Support Sporcle.
Get the best of Sporcle when you Go Orange. This ad-free experience offers more features, more stats, and more fun while also helping to support Sporcle. Thank you for becoming a member.

You're not logged in!

Compare scores with friends on all Sporcle quizzes.
OR
Log In

Show Comments

Extras

Top Quizzes Today


Score Distribution

Your Account Isn't Verified!

In order to create a playlist on Sporcle, you need to verify the email address you used during registration. Go to your Sporcle Settings to finish the process.

Report this User

Report this user for behavior that violates our Community Guidelines.

Details: